| 000 | 01222 a2200229 4500 | ||
|---|---|---|---|
| 003 | Nust | ||
| 005 | 20230822102931.0 | ||
| 010 | _a 2005048930 | ||
| 020 | _c0131862391 | ||
| 040 | _cNust | ||
| 082 | 0 | 0 | _a005.82,TRA |
| 100 | 1 |
_aTrappe, Wade. _973595 |
|
| 245 | 1 | 0 |
_aIntroduction to cryptography : _bwith coding theory / _cWade Trappe, Lawrence C. Washington. |
| 250 | _a2nd ed. | ||
| 260 |
_aUpper Saddle River, N.J. : _bPearson Prentice Hall, _c2006. |
||
| 300 | _ap. cm. | ||
| 505 | _aOverview (Page-1), Classical Cryptosystems (Page-12), Basic Number Theory (Page-63), The Data Encryption Standard (Page-113) AES: Rijndael (Page-151), The RSA Algorithm (Page-164), Discrete Logarithms (Page-201), Hash Functions (Page-218), Digital Signatures (Page-244), Security Protocols (Page-256),Digital Cash (Page-287), Secret Sharing Schemes (Page-296), Games (Page-207),Zero-Knowledge Techniques (Page-316), Information Theory (Page-325), Elliptic Curves (Page-347), Lattice Methods (Page-376), Error Correcting Codes (Page-392), Quantum Techniques in Cryptography (Page-450). | ||
| 650 | 0 |
_aCoding theory. _93106 |
|
| 650 | 0 | _aCryptography. | |
| 700 | 1 |
_aWashington, Lawrence C. _973597 |
|
| 942 |
_2ddc _cBK |
||
| 999 |
_c188722 _d188722 |
||